Los Angeles Clippers Starters of the Last 10 Years - Statistics

General Stats
  • This quiz has been taken 142 times
    7 since last reset
  • The average score is 23 of 77
Answer Stats
Games Year(s) Pos. Before Clippers Player % Correct
470 2019-26 C Los Angeles Lakers Ivica Zubac
100%
329 2020-21, 2023-26 SF Toronto Raptors Kawhi Leonard
100%
263 2020-24 SF/PF Oklahoma City Thunder Paul George
100%
94 2017-18 PF Oklahoma Blake Griffin
75%
40 2026 C Milwaukee Bucks Brook Lopez
75%
61 2017 PG New Orleans Hornets Chris Paul
75%
18 2018 SG Texas Legends C.J. Williams
75%
158 2017-18 C Texas A&M DeAndre Jordan
75%
195 2024-26 PG Philadelphia 76ers James Harden
75%
78 2017 SG Milwaukee Bucks JJ Redick
75%
56 2026 PF Utah Jazz John Collins
75%
31 2018-21 PG/SF Houston Rockets Lou Williams
75%
73 2019 PG Kentucky Shai Gilgeous-Alexander
75%
17 2026 PG Cleveland Cavaliers Darius Garland
50%
100 2025-26 SF Dallas Mavericks Derrick Jones Jr.
50%
1 2017 SG Portland Trail Blazers Jamal Crawford
50%
1 2026 SF Miami (FL) Jordan Miller
50%
16 2026 SG Nevada Kobe Sanders
50%
125 2025-26 PG Utah Jazz Kris Dunn
50%
10 2018-20 C Houston Rockets Montrezl Harrell
50%
125 2021-23, 2025-26 PF Charlotte Hornets Nicolas Batum
50%
73 2022-25 SG Portland Trail Blazers Norman Powell
50%
144 2018-21 PG/SG Houston Rockets Patrick Beverley
50%
162 2020-23 PG/SG Detroit Pistons Reggie Jackson
50%
32 2023-24 PG Los Angeles Lakers Russell Westbrook
50%
168 2020-25 SG/SF Florida State Terance Mann
50%
87 2018-19 PF Detroit Pistons Tobias Harris
50%
67 2020-25 SG/SF Minnesota Amir Coffey
25%
55 2018-19 SG/SF Detroit Pistons Avery Bradley
25%
1 2026 SF Indiana Pacers Bennedict Mathurin
25%
7 2025-26 SG Atlanta Hawks Bogdan Bogdanovic
25%
6 2026 SG Phoenix Suns Bradley Beal
25%
3 2024 C Indiana Pacers Daniel Theis
25%
89 2018-19 SF Denver Nuggets Danilo Gallinari
25%
1 2020 SG Boston College Jerome Robinson
25%
3 2023 PG Houston Rockets John Wall
25%
2 2025 SG PAOK (Greece) Kevin Porter Jr.
25%
76 2017 SF/PF Philadelphia 76ers Luc Mbah a Moute
25%
41 2021-23 SG Detroit Pistons Luke Kennard
25%
43 2019 C Washington Wizards Marcin Gortat
25%
167 2020-23 PF New York Knicks Marcus Morris Sr.
25%
15 2023-24 C Charlotte Hornets Mason Plumlee
25%
1 2023 C Cleveland Cavaliers Moses Brown
25%
7 2017 SF Washington Wizards Paul Pierce
25%
5 2022, 2024 PF Portland Trail Blazers Robert Covington
25%
4 2020 SG Miami Heat Rodney McGruder
25%
49 2021-22 C Toronto Raptors Serge Ibaka
25%
17 2018-19 SG South Carolina Sindarius Thornwell
25%
88 2017-18 SG New Orleans Pelicans Austin Rivers
0%
9 2019 C Detroit Pistons Boban Marjanovic
0%
5 2024 PG Denver Nuggets Bones Hyland
0%
1 2023 SG Kentucky Brandon Boston Jr.
0%
1 2020 PG Alba Berlin (Germany) Derrick Walton
0%
29 2022 PG New Orleans Pelicans Eric Bledsoe
0%
11 2023 SG Houston Rockets Eric Gordon
0%
6 2019 SF Memphis Grizzlies Garrett Temple
0%
10 2018 SF Auxilium Torino (Italy) Jamil Wilson
0%
3 2019-20 PF Memphis Grizzlies JaMychal Green
0%
4 2018 PG Oklahoma State Jawun Evans
0%
1 2021 SG John A. Logan Jay Scrubb
0%
1 2022 PF Memphis Grizzlies Justise Winslow
0%
53 2019-20 SG Philadelphia 76ers Landry Shamet
0%
2 2017 C Golden State Warriors Marreese Speights
0%
38 2020 PF Portland Trail Blazers Maurice Harkless
0%
36 2018 PG CSKA Moscow (Russia) Milos Teodosic
0%
2 2025 C Philadelphia 76ers Mo Bamba
0%
1 2023 C Michigan Moussa Diabate
0%
23 2020-21 PF Oklahoma City Thunder Patrick Patterson
0%
7 2024 PF Philadelphia 76ers P.J. Tucker
0%
1 2021 PG Atlanta Hawks Rajon Rondo
0%
11 2017 PG Dallas Mavericks Raymond Felton
0%
1 2018 SF Houston Rockets Sam Dekker
0%
19 2018 PG Agua Caliente Clippers Tyrone Wallace
0%
43 2017-18 SF Los Angeles Lakers Wesley Johnson
0%
5 2018 C Miami Heat Willie Reed
0%
1 2019 PF Philadelphia 76ers Wilson Chandler
0%
1 2024 PG Agua Caliente Clippers Xavier Moon
0%
No matching quizzes found
Score Distribution
Percent of People with Each Score
Percentile by Number Answered
Your Score History
You have not taken this quiz since the last reset